Empirical Methods for Artificial Intelligence/ (Record no. 1704)

MARC details
000 -LEADER
Fixed length control field 00488nam a2200169 4500
003 - CONTROL NUMBER IDENTIFIER
Control field SEACOMEC
005 - DATE AND TIME OF LATEST TRANSACTION
Control field 20240912122302.0
008 - FIXED-LENGTH DATA ELEMENTS--GENERAL INFORMATION
Fixed length control field 240912b |||||||| |||| 00| 0 eng d
020 ## - INTERNATIONAL STANDARD BOOK NUMBER / ISBN
International Standard Book Number 9780262534178
Price 250.00
040 ## - CATALOGING SOURCE
Original cataloging agency SEACOMEC
082 ## - DEWEY DECIMAL CLASSIFICATION NUMBER
Classification number 006.3
Book Number C678
100 ## - MAIN ENTRY--PERSONAL NAME
Personal name Cohen, Paul R.
245 ## - TITLE STATEMENT
Title Empirical Methods for Artificial Intelligence/
Statement of responsibility Paul R. Cohen
260 ## - IMPRINT
Place of publication New Delhi
Name of publisher : Prentice Hall of India
Date of publication 1995
650 ## - SUBJECT ADDED ENTRY--TOPICAL TERM
Topical term Computers -Artificial Intelligence
942 ## - ADDED ENTRY ELEMENTS (KOHA)
Koha item type Books
Holdings
Withdrawn status Lost status Source of classification Damaged status Not for loan Home library Current library Date acquired Total Checkouts Call number Accession number Date last seen Price effective from Koha item type Copy number
    Dewey Decimal Classification     SEACOM ENGINEERING COLLEGE SEACOM ENGINEERING COLLEGE 15/06/2007   006.3 C678 7108 12/09/2024 12/09/2024 Books  
    Dewey Decimal Classification     SEACOM ENGINEERING COLLEGE SEACOM ENGINEERING COLLEGE 15/06/2007   006.3 C678 7109 12/09/2024 12/09/2024 Books 1
© Seacom Engineering College, All rights reserved.      Powered by Koha